000 00506nam a2200205 a 4500
999 _c5991
_d5991
001 5991
003 BD-JhCC
005 20191224134018.0
008 171231s2008 xxua|||| |||| 000 0 eng d
035 _a(BD-JhCC)
040 _aBD-JhCC
_dBD-JhCC
041 _aeng
082 _a515
_bKHA 2008
100 _aKhanna, M. L.
245 _aDifferential Calculus /
_cProf. M. L. Khanna
260 _aIndia
_bJai Prakash Nath & Co.
_c2008
300 _a256 p.;
_c22 cm
650 _aCalculus
942 _2ddc
_cBK
_02